| 000 | 00597nam a2200181 u 4500 | ||
|---|---|---|---|
| 001 | 000527536 | ||
| 003 | AM-YeHGA | ||
| 005 | 20250618072849.0 | ||
| 008 | 070322s1934 ai r 000 0 arm d | ||
| 040 | _aAM-YeHGA | ||
| 041 | 0 | _aarm | |
| 100 | 1 |
_aԱստվածատրյան, Զավեն Աշոտի, _d1909-1978 _93116 |
|
| 245 | 1 | 0 |
_aԶրույց հացաբույսերի մշակման մասին / _cԶ. Աստվածատրյան. |
| 260 |
_aՅերեվան : _bԳյուղհրատ, _c1934. |
||
| 300 |
_a22 էջ ; _c18 սմ. |
||
| 650 | 1 | 4 |
_aՀացաբույսեր _xՄշակում |
| 090 | _c197210 | ||
| 999 |
_c195733 _d195733 |
||